000
00262nam a2200121Ia 4500
008
190216s9999||||xx |||||||||||||| ||und||
100
_a
Boulind
245
0
_a
Heat And Light
260
_b
John Murrary
_c
1962
300
_a
368p
650
_a
Physics
942
_c
BK
999
_c
32729
_d
32729